Reactions of organic compounds; (Record no. 75128)
[ view plain ]
| 000 -LEADER | |
|---|---|
| fixed length control field | 00803cam a22002651 4500 |
| 001 - CONTROL NUMBER | |
| control field | 75128 |
| 003 - CONTROL NUMBER IDENTIFIER | |
| rucl marc code | BD-RjUL |
| 005 - DATE AND TIME OF LATEST TRANSACTION | |
| control field | 20211209082642.0 |
| 008 - FIXED-LENGTH DATA ELEMENTS--GENERAL INFORMATION | |
| fixed length control field | 190301s1962 nyu b 000 0 eng |
| 035 ## - SYSTEM CONTROL NUMBER | |
| System control number | (BD-RjUL) |
| 040 ## - CATALOGING SOURCE | |
| Original cataloging agency | DLC |
| Transcribing agency | DLC |
| Modifying agency | DLC |
| Language of cataloging | eng |
| 041 ## - LANGUAGE CODE | |
| Language code of text/sound track or separate title | eng |
| 082 00 - DEWEY DECIMAL CLASSIFICATION NUMBER | |
| Classification number | 547.2 |
| Edition number | 23 |
| Author mark and year | FUR |
| 100 1# - MAIN ENTRY--PERSONAL NAME | |
| Personal name | Fuson, Reynold C. |
| Fuller form of name | (Reynold Clayton), |
| Dates associated with a name | 1895-1979. |
| 9 (RLIN) | 228793 |
| 245 10 - TITLE STATEMENT | |
| Title | Reactions of organic compounds; |
| Remainder of title | a textbook for the advanced student / |
| Statement of responsibility, etc. | Fuson, R.C. |
| 260 ## - PUBLICATION, DISTRIBUTION, ETC. (IMPRINT) | |
| Place of publication, distribution, etc. | New York, |
| Name of publisher, distributor, etc. | Wiley |
| Date of publication, distribution, etc. | [1962] |
| 300 ## - PHYSICAL DESCRIPTION | |
| Pagination | 765 p. |
| Size | 24 cm. |
| 504 ## - BIBLIOGRAPHY, ETC. NOTE | |
| Bibliography, etc | Includes bibliography. |
| 650 #0 - SUBJECT ADDED ENTRY--TOPICAL TERM | |
| Topical term or geographic name as entry element | Chemical reactions. |
| 9 (RLIN) | 228794 |
| Topical term or geographic name as entry element | Chemistry, Organic. |
| 9 (RLIN) | 228795 |
| 906 ## - LOCAL DATA ELEMENT F, LDF (RLIN) | |
| a | 7 |
| b | cbc |
| c | orignew |
| d | u |
| e | ocip |
| f | 19 |
| g | y-gencatlg |
| 942 ## - ADDED ENTRY ELEMENTS (KOHA) | |
| Source of classification or shelving scheme | Dewey Decimal Classification |
| Koha item type | Books |
| Lost status | Source of classification or shelving scheme | Damaged status | Not for loan | Collection code | Permanent Location | Current Location | Shelving location | Date acquired | Source of acquisition | Cost, normal purchase price | Total Checkouts | Full call number | Date last seen | Copy number | Koha item type |
|---|---|---|---|---|---|---|---|---|---|---|---|---|---|---|---|
| Dewey Decimal Classification | Not For Loan | Non-fiction | Central Library, University of Rajshahi | Central Library, University of Rajshahi | Reading Room | 24/10/1957 | publisher Ltd. | 28.70 | 547 HIR 1950 | 23/01/2019 | C-1 | Books |